[Event "South America-ch (Women)"]
[Site "Lima"]
[Date "2023.09.14"]
[Round "1"]
[White "Cardozo, Camila"]
[Black "Zhou Liang, Yaxuan Selina"]
[Result "0-1"]
[WhiteElo "1530"]
[BlackElo "1198"]
[PlyCount "46"]
[EventDate "2023.09.14"]
[EventType "swiss"]
[EventRounds "9"]
[EventCountry "PER"]
[SourceTitle "EXT 2024"]
[Source "ChessBase"]
[SourceDate "2023.10.10"]
[SourceVersion "1"]
[SourceVersionDate "2023.10.10"]
[SourceQuality "1"]

1. d4 d5 2. Bf4 Nf6 3. e3 e6 4. Nf3 Nbd7 5. Bd3 b6 6. Nbd2 Bb7 7. Ne5 Nxe5 8. dxe5 Nd7 9. 0-0 g6 10. c3 Bg7 11. Nf3 0-0 12. Qc2 f6 13. exf6 Bxf6 14. h4 e5 15. Bxg6 hxg6 16. Qxg6+ Bg7 17. Bh6 Qf6 18. Qxf6 Rxf6 19. Bg5 Kf7 20. Nd2 Kf8 21. f4 Nc5 22. Nf3 exf4 23. exf4 Nd3 0-1

[Event "PER-ch (Women)"]
[Site "Lima"]
[Date "2023.08.31"]
[Round "4"]
[White "Condori Flores, Nayeli"]
[Black "Zhou Liang, Yaxuan Selina"]
[Result "1-0"]
[WhiteElo "1489"]
[BlackElo "1254"]
[PlyCount "75"]
[EventDate "2023.08.29"]
[EventType "swiss"]
[EventRounds "9"]
[EventCountry "PER"]
[SourceTitle "EXT 2024"]
[Source "ChessBase"]
[SourceDate "2023.10.10"]
[SourceVersion "1"]
[SourceVersionDate "2023.10.10"]
[SourceQuality "1"]

1. e4 c5 2. Nf3 a6 3. d4 cxd4 4. Nxd4 Nf6 5. Nc3 e5 6. Nb3 Bb4 7. Bd3 d5 8. exd5 Nxd5 9. Bd2 Nxc3 10. bxc3 Bd6 11. 0-0 0-0 12. Qh5 g6 13. Qf3 Re8 14. Bc4 Qc7 15. Bd5 Nc6 16. Bh6 Bf5 17. Be4 Bxe4 18. Qxe4 Bf8 19. Bxf8 Kxf8 20. Rad1 Rad8 21. Qe3 Kg7 22. Qc5 e4 23. Nd4 Re5 24. Qc4 Rdd5 25. Nf5+ Rxf5 26. Rxd5 Rxd5 27. Qxd5 Qf4 28. Re1 f5 29. g3 Qc7 30. Rd1 Ne5 31. c4 Kh6 32. c5 f4 33. Qxe4 fxg3 34. Qe3+ Kg7 35. hxg3 Ng4 36. Qd4+ Nf6 37. Qd6 Qc8 38. Qe7+ 1-0